000 00281 a2200121 4500
000 nam a22 7a 4500
005 20260428170755.0
020 _a9780262549400
100 _aMark Rowlands
_91110454
245 _aAnimal Rights
260 _bThe MIT Press
_c2025
942 _cTEXL
999 _c1848621
_d1848621